Solving the Romans debate / (Record no. 123742)
[ view plain ]
| 000 -LEADER | |
|---|---|
| fixed length control field | 01557cam a22003494a 4500 |
| 001 - CONTROL NUMBER | |
| control field | 14466197 |
| 003 - CONTROL NUMBER IDENTIFIER | |
| control field | ARRUPE |
| 005 - DATE AND TIME OF LATEST TRANSACTION | |
| control field | 20151104122738.0 |
| 008 - FIXED-LENGTH DATA ELEMENTS--GENERAL INFORMATION | |
| fixed length control field | 060725s2007 mnu b 001 0 eng |
| 010 ## - LIBRARY OF CONGRESS CONTROL NUMBER | |
| LC control number | 2006024552 |
| 020 ## - INTERNATIONAL STANDARD BOOK NUMBER | |
| International Standard Book Number | 0800638603 (alk. paper) |
| 020 ## - INTERNATIONAL STANDARD BOOK NUMBER | |
| International Standard Book Number | 9780800638603 (alk. paper) |
| 035 ## - SYSTEM CONTROL NUMBER | |
| System control number | (OCoLC)ocm70836682 |
| 035 ## - SYSTEM CONTROL NUMBER | |
| System control number | (OCoLC)70836682 |
| 040 ## - CATALOGING SOURCE | |
| Original cataloging agency | DLC |
| Transcribing agency | DLC |
| Modifying agency | DLC |
| 050 00 - LIBRARY OF CONGRESS CALL NUMBER | |
| Classification number | BS2665.6.J4 |
| Item number | D37 2007 |
| 082 00 - DEWEY DECIMAL CLASSIFICATION NUMBER | |
| Classification number | 227/.106 |
| Edition number | 22 |
| 084 ## - OTHER CLASSIFICATION NUMBER | |
| Classification number | 11.46 |
| Source of number | bcl |
| 300 ## - PHYSICAL DESCRIPTION | |
| Dimensions | 23 cm. |
| 100 1# - MAIN ENTRY--PERSONAL NAME | |
| Personal name | Das, A. Andrew. |
| 9 (RLIN) | 20940 |
| 245 10 - TITLE STATEMENT | |
| Title | Solving the Romans debate / |
| Statement of responsibility, etc | A. Andrew Das. |
| 260 ## - PUBLICATION, DISTRIBUTION, ETC. (IMPRINT) | |
| Place of publication, distribution, etc | Minneapolis : |
| Name of publisher, distributor, etc | Fortress Press, |
| Date of publication, distribution, etc | c2007. |
| 300 ## - PHYSICAL DESCRIPTION | |
| Extent | xii, 324 p. ; |
| 504 ## - BIBLIOGRAPHY, ETC. NOTE | |
| Bibliography, etc | Includes bibliographical references (p. 269-298) and indexes. |
| 505 00 - FORMATTED CONTENTS NOTE | |
| Title | The Romans debate : narrowing the options -- |
| -- | The ethnic identity of the Roman congregations : the internal evidence -- |
| -- | Former God-fearers or synagogue subgroup? -- |
| -- | Claudius's edict of expulsion : the external evidence -- |
| -- | Reading Romans with the encoded audience : Romans 7:7-25 and Romans 11:25-26. |
| 630 00 - SUBJECT ADDED ENTRY--UNIFORM TITLE | |
| Uniform title | Bible. |
| Name of part/section of a work | Romans |
| General subdivision | Criticism, interpretation, etc. |
| 9 (RLIN) | 1380 |
| 650 #0 - SUBJECT ADDED ENTRY--TOPICAL TERM | |
| Topical term or geographic name as entry element | Christianity and other religions |
| General subdivision | Judaism. |
| 9 (RLIN) | 20941 |
| 650 #0 - SUBJECT ADDED ENTRY--TOPICAL TERM | |
| Topical term or geographic name as entry element | Judaism |
| General subdivision | Relations |
| -- | Christianity. |
| 9 (RLIN) | 20942 |
| 856 41 - ELECTRONIC LOCATION AND ACCESS | |
| Materials specified | Table of contents only |
| Uniform Resource Identifier | <a href="http://www.loc.gov/catdir/toc/ecip0618/2006024552.html">http://www.loc.gov/catdir/toc/ecip0618/2006024552.html</a> |
| 906 ## - LOCAL DATA ELEMENT F, LDF (RLIN) | |
| a | 7 |
| b | cbc |
| c | orignew |
| d | 1 |
| e | ecip |
| f | 20 |
| g | y-gencatlg |
| 942 ## - ADDED ENTRY ELEMENTS (KOHA) | |
| Source of classification or shelving scheme | Library of Congress Classification |
| Koha item type | Monograph ( Printed materials) |
| Withdrawn status | Lost status | Source of classification or shelving scheme | Damaged status | Not for loan | Collection code | Home library | Current library | Shelving location | Date acquired | Total Checkouts | Full call number | Barcode | Date last seen | Price effective from | Koha item type |
|---|---|---|---|---|---|---|---|---|---|---|---|---|---|---|---|
| Library of Congress Classification | Main Collection | ARRUPE LIBRARY | ARRUPE LIBRARY | Main Collection | 04/11/2015 | BS2665.6.J4 D37 2007 | 80005002620 | 01/08/2016 | 04/11/2015 | Monograph ( Printed materials) |